Tri Slovenky v druhom kole Prvý deň na French Open: Z nasadených vypadli Kučera, Rusedski, Raymondová, Spirleová a Tauziatová

Podrobná bibliografia
Médium: Článok
Jazyk:slovenčina
PhysicalDescription:Fotogr.
Predmet:

MARC

LEADER 00000nab a2200000 a 4500
001 vtls000658356
003 SK-MaSNL
005 20260302183505.0
008 180205c1998 xo 0 slo
015 |a SNBRB1998/05-13250 
035 |a CLN000010548 
040 |a SNKBUCL  |b slo  |c SNKBUCL  |e AACR2 
041 0 |a slo 
044 |a xo  |c SK 
080 |a 796.342.093.1(44)  |2 UDC-MRF-SK2 
245 0 0 |a Tri Slovenky v druhom kole  |b Prvý deň na French Open: Z nasadených vypadli Kučera, Rusedski, Raymondová, Spirleová a Tauziatová 
300 |b Fotogr. 
611 1 7 |a Majstrovstvá Francúzska v tenise  |d 1998  |c Paríž, Francúzsko  |2 snkbucl  |9 897191 
650 0 7 |a tenis  |2 snkbucl  |9 3293 
655 7 |a články z novín a časopisov  |2 snkbucl  |9 267496 
773 0 |t Šport  |g Roč. 52, č. 119 (26.5.1998), s. 5 
850 |a Slovenská národná knižnica v Martine 
852 |a SNK  |b KIS3GCP 
958 |a RBX 
999 |c 1421913  |d 1423843